Закономерности размещения и генезис глинистых минералов в современных и древних морских бассейнах

Λεπτομέρειες βιβλιογραφικής εγγραφής
Κύριος συγγραφέας: Ратеев М. А.
Συγγραφή απο Οργανισμό/Αρχή: Академия наук СССР Геологический институт
Γλώσσα:Ρωσικά
Έκδοση: Москва, Наука, 1964
Σειρά:Труды геологического института (ГИН) Вып. 112
Θέματα:
Μορφή: Βιβλίο
KOHA link:https://koha.lib.tpu.ru/cgi-bin/koha/opac-detail.pl?biblionumber=368170

MARC

LEADER 00000nam0a2200000 4500
001 368170
005 20231102012046.0
035 |a (RuTPU)RU\TPU\retro\25533 
035 |a RU\TPU\retro\25532 
090 |a 368170 
100 |a 20220401d1964 k y0rusy50 ca 
101 0 |a rus 
102 |a RU 
105 |a a z 001zy 
200 1 |a Закономерности размещения и генезис глинистых минералов в современных и древних морских бассейнах  |f М. А. Ратеев  |g Академия наук СССР, Геологический институт 
210 |a Москва  |c Наука  |d 1964 
215 |a 288 с.  |c ил. 
225 1 |a Труды геологического института (ГИН)  |v Вып. 112 
320 |a Библиогр.: с. 274-285. 
606 1 |a Глинистые минералы  |x Петрография  |2 stltpush  |3 (RuTPU)RU\TPU\subj\38711  |9 59055 
610 1 |a размещение 
610 1 |a генезис 
610 1 |a морские бассейны 
610 1 |a устойчивость 
610 1 |a водоемы 
610 1 |a образование 
610 1 |a Байкал 
610 1 |a Черноморский бассейн 
610 1 |a Японское море 
610 1 |a Мексиканский залив 
610 1 |a Русская платформа 
675 |a 552.52  |v 3 
700 1 |a Ратеев  |b М. А. 
712 0 2 |a Академия наук СССР  |b Геологический институт  |c (Москва)  |2 stltpush  |3 (RuTPU)RU\TPU\col\11354  |9 25059 
801 1 |a RU  |b 63413507  |c 20051129  |g PSBO 
801 2 |a RU  |b 63413507  |c 20220401  |g PSBO 
942 |c BK